CBSE 10 Solved Question Papers-Class-12 (Record no. 12683)

MARC details
000 -LEADER
fixed length control field 00272nam a22000977a 4500
008 - FIXED-LENGTH DATA ELEMENTS--GENERAL INFORMATION
fixed length control field 240921b |||||||| |||| 00| 0 eng d
020 ## - INTERNATIONAL STANDARD BOOK NUMBER
International Standard Book Number 9789360231620
100 ## - MAIN ENTRY--PERSONAL NAME
Personal name MTG Learning Media
9 (RLIN) 7727
245 ## - TITLE STATEMENT
Title CBSE 10 Solved Question Papers-Class-12
260 ## - PUBLICATION, DISTRIBUTION, ETC. (IMPRINT)
Place of publication, distribution, etc. New Delhi
Name of publisher, distributor, etc. MTG
Date of publication, distribution, etc. 2025
Holdings
Withdrawn status Lost status Source of classification or shelving scheme Damaged status Koha normalized classification for sorting Not for loan Home library Current library Shelving location Date acquired Total Checkouts Full call number Barcode Date last seen Date last checked out Price effective from Koha item type
    Dewey Decimal Classification   MTG_372_860000000000000   Good Samaritan School Library Good Samaritan School Library PHYSICAL EDUCATION 09/21/2024 1 MTG372.86 MTG17937 12/21/2024 12/19/2024 09/21/2024 BOOK

Powered by Koha